banner-ar

مئة عام من الرسم الحديث / (Record no. 44448)

MARC details
000 -الفاتح
حقل البيانات ثابتة الطول 00647nam a2200229Ia 4500
008 - عناصر البيانات ثابتة الطول - معلومات عامة
حقل البيانات ثابتة الطول 140319s9999 xx 000 0 ara d
040 ## - مصدر الفهرسة
وكالة الفهرسة الأصلية GCL /
وكالة النسخ GCL
082 04 - رقم تصنيف ديوى العشرى
رقم التصنيف 709.04
رقم المادة م م
100 1# - المدخل الرئيسى - إسم شخصى
الإسم الشخصى فخرى خليل (مترجم)
245 10 - بيان العنوان
العنوان مئة عام من الرسم الحديث /
بيان المسئوليه,etc فخرى خليل (مترجم)
700 1# - المدخل الاضافى - اسم شخصى
الإسم الشخصى مولر,جى.اى
700 1# - المدخل الاضافى - اسم شخصى
الإسم الشخصى ايلغر، فرانك
300 ## - الوصف المادى
التعداد 175 ص
490 ## - بيان السلسلة
عنوان السلسلة
650 04 - المدخل الاضافى بالموضوع-مصطلح موضوعى
مصطلح موضوعي الفن
650 04 - المدخل الاضافى بالموضوع-مصطلح موضوعى
مصطلح موضوعي الفنون التشكيلية
650 04 - المدخل الاضافى بالموضوع-مصطلح موضوعى
مصطلح موضوعي الفن الحديث
650 04 - المدخل الاضافى بالموضوع-مصطلح موضوعى
مصطلح موضوعي السيريالية
650 04 - المدخل الاضافى بالموضوع-مصطلح موضوعى
مصطلح موضوعي الانطباعية
942 ## - عناصر المدخل الإضافي( كوها)
مصدر التصنيف او مخطط الترفيف Dewey Decimal Classification
Koha [default] item type كتاب
Holdings
حالة التراجع حالة الفقد حالة تلف ليس للاعارة المكان المؤقت الموقع الحالى تاريخ الاكتساب اجمالي اﻻعارات رقم الطلب الباركود تاريخ اخر مشاهدة تاريخ تفعيل السعر نوع وعاء كوها
        مكتبة القاهرة الكبرى مكتبة القاهرة الكبرى 03/26/2014   709.04\م م 108413 03/26/2014 03/26/2014 كتاب

Powered By

EGPV